00460nam a2200193 a 4500001001300000003000900013005001700022008004100039020000800080082001300088100002200101245002100123260003600144300000900180500003500189505001000224650001000234700002200244nice12345678IN_TiNIC20260116011423.0050524s1953 wasa grp 000 0 eng  ac000a160bBEA aBeardsley, Monroe aPractical Logic. aWashingtonbPrentice Hallc1953 a580p aincludes index and biblioraphy2 aIndex aLogic1 aBeardsley, Monroe